Statistiques concernant Top 10 ballon d'or 2019.

Cliquez ici pour prendre le quiz!

Statistiques générales

  • Ce quiz a été pris 177 fois
  • Le résultat moyen est 9 sur 10

Statistiques - réponses

%JoueursClubs% Correct
24.4Lionel MessiBarca
100%
16.9Cristiano RonaldoJuve
99%
3.2Kylian MbappePSG
99%
6.3Mohamed SalahLiverpool
97%
12.3Sadio ManeLiverpool
97%
24.1Virgil Van DijkLiverpool
95%
1.6Robert LewandowskiBayern
88%
2.4AlissonLiverpool
78%
1.5Bernardo SilvaMan City
71%
1.2Riyad MahrezMan City
45%

Distribution des résultats

Percentile par nombre de réponses

% des personnes avec chaque résultat

Votre développement - résultats

Vous n’avez pas pris ce quiz